Sistemas electrónicos digitales

Đã lưu trong:
Chi tiết về thư mục
Tác giả chính: Mandado Pérez, Enrique (autor)
Định dạng: Sách
Ngôn ngữ:Tiếng Tây Ban Nha
Được phát hành: Bogotá Alfaomega 1998
Phiên bản:7a. ed
Những chủ đề:
Các nhãn: Thêm thẻ
Không có thẻ, Là người đầu tiên thẻ bản ghi này!

MARC

LEADER 00000nam a2200000 a 4500
001 UCM7020
003 CL-VaPUC
008 021129e19980000CK |||||||||||||||||spa|d
020 |a 9586820742 
082 0 4 |a 621.395  |b MAN  |2 21 
100 |a Mandado Pérez, Enrique  |e autor  |9 577894 
245 1 0 |a Sistemas electrónicos digitales 
250 |a 7a. ed 
300 |a 963 p 
942 |c BK 
945 |d 20021129 00:00:00  |a vberengu 
260 |a Bogotá  |b Alfaomega  |c 1998 
650 0 |a Electrónica digital   |9 263160 
650 0 |a Diseño lógico  |9 262464 
650 0 |a Circuitos lógicos   |9 263161 
650 7 |a CONVERTIDORES ANALOGICOS DIGITALES  |2 CL-VaPUC  |9 263575 
583 |a last modification  |c 20021129 00:00:00  |k Rodrigo Vera 
999 |c 302055  |d 302053 
952 |0 0  |1 0  |2 ddc  |4 0  |6 621_395000000000000_MAN_1998  |7 0  |8 A  |9 362060  |a BIBING  |b BIBING  |c RES  |d 2019-11-21  |i 3865452  |o 621.395 MAN 1998  |p 3865452  |r 2025-01-20  |w 2019-11-21  |y BK  |k EIE 
952 |0 0  |1 0  |2 ddc  |4 0  |6 621_395000000000000_MAN_1998  |7 0  |8 A  |9 362061  |a BIBING  |b BIBING  |c RES  |d 2019-11-21  |i 3949710  |o 621.395 MAN 1998  |p 3949710  |r 2025-01-20  |w 2019-11-21  |y BK  |k ING 
952 |0 0  |1 0  |2 ddc  |4 0  |6 621_395000000000000_MAN_1998  |7 0  |8 A  |9 362062  |a BIBING  |b BIBING  |c RES  |d 2019-11-21  |i 4158490  |l 1  |o 621.395 MAN 1998  |p 4158490  |r 2025-01-20  |s 2024-03-14  |w 2019-11-21  |y BK  |k EIE